| 000 | 00354nam a2200145Ia 4500 | ||
|---|---|---|---|
| 008 | 150201s2003 xx 000 0 und d | ||
| 082 |
_a611.313 _bO2003B |
||
| 100 | _aBHASHKER,S.N | ||
| 245 | _aORBANS ORAL HISTOLOGY & EMBRYOLOGY | ||
| 250 | _a11TH | ||
| 260 |
_bMOSBY _aDELHI _c2003 |
||
| 300 | _a1-490 | ||
| 650 | _aDENTAL ANATOMY | ||
| 942 |
_2ddc _cBK _03 |
||
| 999 |
_c2932 _d2932 |
||